El alcázar setabense (Record no. 139312)

MARC details
000 -LEADER
campo de control de longitud fija 00634nam a2200181 i 4500
001 - NÚMERO DE CONTROL
campo de control 139312
003 - IDENTIFICADOR DE NÚMERO DE CONTROL
campo de control ES-MaACL
005 - FECHA Y HORA DE LA ÚLTIMA TRANSACCIÓN
campo de control 20230906195748.0
007 - CAMPO FIJO DE DESCRIPCIÓN FÍSICA--INFORMACIÓN GENERAL
campo de control de longitud fija t|
008 - DATOS DE LONGITUD FIJA--INFORMACIÓN GENERAL
campo de control de longitud fija 070214s1922 sp r ||||1| spa d
100 1# - ENTRADA PRINCIPAL--NOMBRE DE PERSONA
Nombre de persona Sarthou Carreres, Carlos.
9 (RLIN) 103879
245 13 - MENCIÓN DEL TÍTULO
Título El alcázar setabense
Resto del título : impresiones de una visita al histórico castillo de Játiva /
Mención de responsabilidad, etc. Carlos Sarthou Carreres.
260 ## - PUBLICACIÓN, DISTRIBUCIÓN, ETC.
Lugar de publicación, distribución, etc. Valencia :
Nombre del editor, distribuidor, etc. [s.n.],
Fecha de publicación, distribución, etc. 1922 (
Fabricante Tip. Moderna)
300 ## - DESCRIPCIÓN FÍSICA
Extensión 94 p., [1] h. pleg. :
Otras características físicas il. ;
Dimensiones 19 cm.
610 24 - PUNTO DE ACCESO ADICIONAL DE MATERIA--NOMBRE DE ENTIDAD CORPORATIVA
Nombre de entidad corporativa o nombre de jurisdicción como elemento de entrada Castillo de Xàtiva.
9 (RLIN) 154099
651 #4 - PUNTO DE ACCESO ADICIONAL DE MATERIA--NOMBRE GEOGRÁFICO
Nombre geográfico Xàtiva-
Subdivisión general Edificios, estructuras, etc.
9 (RLIN) 154100
852 ## - LOCALIZACIÓN
Ubicación ES-MaACL
Número de control de estantería 1625-F-6
Holdings
Estatus retirado Estado de pérdida Estado de daño No para préstamo Colección Biblioteca de origen Biblioteca actual Ubicación en estantería Fecha de adquisición Fuente de adquisición Total de préstamos Signatura topográfica completa Código de barras Visto por última vez Precio de reemplazo Tipo de ítem Koha
        Colección de folletos Biblioteca del Ateneo de Madrid Biblioteca del Ateneo de Madrid Depósito folletos 17/01/2008     1625-F-6 1144977 23/02/2023 23/02/2023 Folleto